000 00692cab a2200289 4500
001 ABS68703
008 050214n2005 000 0 eng u
035 _a(Sirsi) u128770
245 _aFocus: Kent
260 _c2005
490 _aEstates Gazette
_v(0504) 5 February 2005, 81-97(12)
590 _aABS
650 _aRETAIL
650 _aINDUSTRIAL
650 _aEBBSFLEET
650 _aCANTERBURY
650 _aMAIDSTONE
650 _aBLUEWATER
650 _aASHFORD
650 _aDARTFORD
650 _aCHATHAM
650 _aREGENERATION
650 _aGRAVESHAM
650 _aSHEDS
690 _aPROPERTY-COMMERCIAL PROPERTY-COMMERCIAL PROPERTY MARKET
942 _n0
999 _c74792
_d74792